16. Donde Quiero Estar - Quevedo - Estadísticas

Estadísticas generales
  • Esta prueba ha sido intentada 29 veces
  • La puntuación promedio es 321 de 488
Estadísticas de respuestas
% Correcto
la
100%
La
100%
a
94%
A
94%
al
94%
de
94%
donde
94%
Donde
94%
es
94%
está
94%
94%
94%
altura
88%
el
88%
El
88%
las
88%
Las
88%
los
88%
mar
88%
nubes
88%
tus
88%
Y
88%
y
88%
Crecimos
81%
en
81%
En
81%
he
81%
hermanos
81%
no
81%
No
81%
o
81%
que
81%
qué
81%
su
81%
te
81%
yeah
81%
cuando
75%
día
75%
estar
75%
lo
75%
me
75%
Me
75%
quiero
75%
subes
75%
traicionan
75%
un
75%
Ahora
69%
casa
69%
chúpamela
69%
da
69%
Estoy
69%
estoy
69%
falso
69%
fama
69%
futuro
69%
hay
69%
mente
69%
mi
69%
69%
Mi
69%
muera
69%
mundo
69%
Na
69%
na
69%
nunca
69%
otro
69%
Pa
69%
pa
69%
quería
69%
se
69%
69%
show
69%
si
69%
69%
solo
69%
tuve
69%
una
69%
ve
69%
Yeh
69%
yeh
69%
yo
69%
Youtube
69%
abuela
63%
cada
63%
comer
63%
daré
63%
deja
63%
del
63%
Del
63%
duela
63%
dura
63%
este
63%
fin
63%
haber
63%
Habrá
63%
hasta
63%
jurar
63%
le
63%
leales
63%
mamá
63%
más
63%
maten
63%
otra
63%
out
63%
papá
63%
por
63%
secuelas
63%
semana
63%
sold
63%
terminar
63%
tiempo
63%
todavía
63%
uno
63%
va
63%
ven
63%
ver
63%
volver
63%
anunciar
56%
apenas
56%
atrás
56%
baby
56%
cara
56%
carretera
56%
cartelera
56%
depresión
56%
días
56%
dos
56%
estás
56%
frente
56%
labrándome
56%
mami
56%
menos
56%
multinacionales
56%
ni
56%
pasao
56%
pensando
56%
Pero
56%
pero
56%
tengo
56%
títere
56%
volveré
56%
acuerdo
50%
aprobación
50%
Así
50%
cartera
50%
cicatrices
50%
como
50%
desde
50%
dicen
50%
diluvio
50%
dinero
50%
Era
50%
eras
50%
esos
50%
estés
50%
estuviera
50%
faltó
50%
felices
50%
gorra
50%
Gritan
50%
hablan
50%
hecho
50%
hoy
50%
mis
50%
nada
50%
New
50%
Nombrándome
50%
olvidan
50%
oro
50%
persona
50%
raíces
50%
rubio
50%
sabe
50%
son
50%
Sorprende
50%
soy
50%
tampoco
50%
tercera
50%
todas
50%
todos
50%
tras
50%
viajo
50%
vista
50%
2001
44%
buscaba
44%
chaquetas
44%
cosas
44%
Dándole
44%
dejes
44%
Dios
44%
dueño
44%
enseña
44%
eres
44%
Eres
44%
existen
44%
Face
44%
gracias
44%
había
44%
han
44%
lecciones
44%
lujos
44%
malas
44%
necesidad
44%
niño
44%
niños
44%
North
44%
nos
44%
oportunidades
44%
papi
44%
para
44%
parque
44%
pasará
44%
perdón
44%
pidiendo
44%
porque
44%
rapear
44%
rugiendo
44%
sido
44%
siquiera
44%
vez
44%
vida
44%
ya
44%
ego
38%
fija
38%
frías
38%
gente
38%
motoras
38%
murió
38%
noches
38%
presumo
38%
subió
38%
algún
31%
ambiente
31%
Argentina
31%
ausente
31%
cabina
31%
calima
31%
círculo
31%
ciudades
31%
diferente
31%
Distintas
31%
echando
31%
empezó
31%
esquina
31%
isla
31%
lado
31%
mierda
31%
mil
31%
misma
31%
mismo
31%
oficina
31%
polen
31%
rompiendo
31%
saben
31%
Saben
31%
tarimas
31%
trapicheando
31%
veces
31%
ves
31%
viaje
31%
escupiendo
25%
estaba
25%
Estaba
25%
rimas
25%
Aunque
19%
camino
19%
cogí
19%
Cuídanos
19%
míos
19%
uoh
19%
ahí
13%
caras
13%
No se encontraron pruebas coincidentes
Distribución de puntuación
Porcentaje de gente con cada puntuación
Porcentaje por número respondido
Historial de tus puntuaciones
No has intentado esta prueba.